000 00440nam a22001697a 4500
005 20160502165005.0
008 160502b xxu||||| |||| 00| 0 eng d
020 _a0-1-511589-9
041 _aeng
082 _b1096
100 _aMeier M. Gerald Rauch E. Sames
_9280
245 _aLeading Issues in Economic Development
260 _aNew Delhi
_bOxford University Press,
_c2004
300 _a577
650 _aManagement
_9241
942 _cBK
999 _c412
_d412